[Event "Bronnoysund CC-ch"]
[Site "Bronnoysund"]
[Date "2011.03.01"]
[Round "1"]
[White "Aalvik, Vegard"]
[Black "Hermansen, Olav"]
[Result "0-1"]
[WhiteElo "1036"]
[BlackElo "1578"]
[PlyCount "76"]
[EventDate "2011.03.01"]
[EventType "swiss"]
[EventRounds "7"]
[EventCountry "NOR"]
[SourceTitle "EXT 2024"]
[Source "ChessBase"]
[SourceDate "2023.10.10"]
[SourceVersion "1"]
[SourceVersionDate "2023.10.10"]
[SourceQuality "1"]

1. Nf3 Nf6 2. d4 g6 3. c4 Bg7 4. g3 0-0 5. Bg2 c5 6. Nc3 cxd4 7. Nxd4 Nc6 8. Nxc6 bxc6 9. e4 Ba6 10. b3 Nd5 11. Nxd5 Bxa1 12. Ne3 Bc3+ 13. Bd2 Qa5 14. Qc2 Bxd2+ 15. Qxd2 Qxd2+ 16. Kxd2 Rfd8 17. Rc1 Bb7 18. Ng4 f6 19. h4 h5 20. Ne3 a5 21. a4 Rab8 22. Kc3 e6 23. Rd1 Kf7 24. f4 d6 25. Bf3 f5 26. exf5 exf5 27. Nc2 d5 28. cxd5 cxd5 29. Nd4 Rbc8+ 30. Kb2 Kf6 31. Re1 Re8 32. Rd1 Re3 33. Rb1 Rcc3 34. Ka3 Rxf3 35. Nxf3 Rxf3 36. Rg1 d4 37. Kb2 Bd5 38. Kc2 Bxb3+ 0-1